000 02802nam0a2200409 4500
001 RU\NLR\BIBL_A\022720287
005 20260426072548.0
010 _a978-5-907961-76-0
_920
021 _aRU
_bКН-П-25-076615
_9КН-П-25-7419
035 _a(NLR Aleph) 022720287
090 _a13692907
_c13692907
100 _a20260205d2025 k y0rusy50 ca
101 0 _arus
_deng
102 _aRU
105 _aa z 100zy
181 0 _ai3
_baxxe
182 1 _an
200 1 _aИностранные языки и современные тенденции в иноязычном образовании
_eматериалы IX Всероссийской научно-практической конференции, г. Воронеж, 23 апреля 2025 г.
_fМинистерство просвещения Российской Федерации, Федеральное государственное бюджетное образовательное учреждение высшего образования "Воронежский государственный педагогический университет"
_gответственный редактор: кандидат филологических наук, доцент С. Ю. Капкова
203 _aТекст
_bвизуальный
_cнепосредственный
210 _aВоронеж
_cВоронежский государственный педагогический университет
_d2025
215 _a424 с.
_cил., табл.
_d21
606 1 _aАнглийский язык
_jСъезды, совещания и т.п
_9972309
_3RU\NLR\AUTH\6646032
606 1 _aМежкультурная коммуникация
_jСъезды, совещания и т.п
_92368045
_3RU\NLR\AUTH\661413599
606 1 _aИностранные языки
_jСъезды, совещания и т.п
_xПреподавание
_91409738
_3RU\NLR\AUTH\66282140
675 _a37.016:81'243(082)
_v4
686 1 _aШ143.21я431
686 1 _aШ100.33я431
686 1 _aЧ486.17(2Р)я431
686 1 _aЧ426.17(2Р)я431
702 1 _aКапкова
_bС. Ю.
_gСветлана Юрьевна
_4340
711 1 2 _a"Иностранные языки и современные тенденции в иноязычном образовании", всероссийская научно-практическая конференция
_d9
_eВоронеж
_f2025
_92697029
_3RU\NLR\AUTH\880638673
712 0 2 _4475
_aВоронежский государственный педагогический университет
_9280376
_3RU\NLR\AUTH\884444
942 _cBOOK
980 _aNB